000 00291nam a22001337a 4500
008 170620b xxu||||| |||| 00| 0 eng d
020 _a0138221634
041 _aeng
080 _a32
100 _a20
101 _ashp
245 _aSOLDIERS IN POLITICS
_cNORDLINGER, E.A
942 _2udc
_cBK
999 _c18364
_d18364